AH International Schools' Libraries

Perfectly weird, perfectly you: (Record no. 49484)

MARC details
000 -LEADER
fixed length control field 00354nam a2200109 4500
020 ## - INTERNATIONAL STANDARD BOOK NUMBER
International Standard Book Number 9781526364326
100 ## - MAIN ENTRY--PERSONAL NAME
Personal name Pang, Camilla
9 (RLIN) 86646
245 ## - TITLE STATEMENT
Title Perfectly weird, perfectly you:
Remainder of title a scientific guide to growing up /
Statement of responsibility, etc Camilla Pang & Laurene Boglio
260 ## - PUBLICATION, DISTRIBUTION, ETC. (IMPRINT)
Place of publication, distribution, etc Great Britain
Name of publisher, distributor, etc Wren & Rook
Date of publication, distribution, etc 2022
300 ## - PHYSICAL DESCRIPTION
Extent 218 p.
Other physical details col. ill.
Dimensions 22 cm.
942 ## - ADDED ENTRY ELEMENTS (KOHA)
Source of classification or shelving scheme
Koha item type Book
Holdings
Withdrawn status Lost status Source of classification or shelving scheme Damaged status Not for loan Collection code Home library Current library Shelving location Date acquired Total Checkouts Full call number Barcode Date last seen Price effective from Koha item type
          TEACHERS' RESOURCES Asian Hope Primary Library Asian Hope Primary Library Non Fiction 09/02/2025   158.1 PAN 209353 09/02/2025 09/02/2025 Book

For any Logos Library related questions please contact Miss Art at swongnarasuk@asianhope.org.

For any Asian Hope Library related questions please contact Miss Raza at graza@asianhope.org.

Powered by Koha